| 000 | 00000nam##2200000za#4500 |
| 001 | 9.606212 |
| 003 | CaOODSP |
| 005 | 20210624212519 |
| 007 | cr ||||||||||| |
| 008 | 150406|1998||||xxc|||||o f|0| 0 fre|d |
| 040 | |aCaOODSP|bfre |
| 043 | |an-cn--- |
| 086 | 1 |aEn49-24/1-28F-PDF |
| 110 | 1 |aCanada.|bEnvironnement Canada. |bCentre de Technologie Environnementale. |
| 245 | 10|aMéthode d'essai biologique - essais toxicologiques sur des salmonidés (truite arc-en-ciel) aux premiers stades de leur cycle biologique / |h[ressource électronique]|c[publié par] Section de l'élaboration et de l'application des méthodes. |
| 250 | |aDeuxième édition |
| 260 | |aOttawa - Ontario : |bEnvironnement Canada. |cJuillet 1998. |
| 300 | |a129p.|bfigures, glossaire, références, tableaux |
| 490 | 1 |aSérie de la Protection de l'environnement. [Méthodes de référence]|vSPE 1/RM/28 |
| 500 | |aLe n° de catalogue (En49-24/1-28F) et l'ISBN (0-660-96132-6) de l'édition imprimée ont été incorrectement copiés dans l'édition électronique. |
| 546 | |a(Abstract in English). |
| 590 | |a14-01-Supp|b2014-01-07 |
| 775 | 08|tBiological test method - toxicity tests using early life stages of salmonid fish (rainbow trout) / |w(CaOODSP)9.577705 |
| 830 | #0|aSérie de la Protection de l'environnement. [Méthodes de référence]|vSPE 1/RM/28|w(CaOODSP)9.501305 |
| 856 | 40|ahttp://publications.gc.ca|qPDF|s2.58 Mo|uhttps://publications.gc.ca/collections/collection_2013/ec/En49-24-1-28-fra.pdf|ySPE 1/RM/28 |